000 01877cam a2200265Ma 4500
005 20140903175106.0
008 140523s2008 xxu frb 001 0 eng d
020 _a0822342782
020 _a9780822342786
040 _aCO-BoUCM
_bspa
_cJose A. Gerena
_d[Nuevo]
041 _aeng
245 0 0 _aEmpire and dissent
_bthe United States and Latin America
_ceditado por Fred Rosen
260 _aDurham (Carolina del Norte, Estados Unidos)
_bDuke University press
_c2008
300 _axvii, 263 páginas
490 1 _aAmerican encounters
_aglobal interactions
504 _aIncluye referencias bibliográficas e índices
505 0 _aU.S. imperialism/hegemony and Latin American resistance / Alan Knight -- "We are heirs-apparent to the Romans" : imperial myths and indigenous status / Gregory Evans Dowd -- Slavery, abolition, and empire / John Richard Oldfield -- The finances of hegemony in Latin America : debt negotiations and the role of the U.S. government, 1945-2005 / Carlos Marichal -- Beyond hegemony : Zapatismo, empire, and dissent / Neil Harvey -- Colonialism and ethnic resistance in Bolivia : a view from the coca markets / Silvia Rivera Cusicanqui -- High stakes in Brazil : can democracy take on empire? / Jeffrey W. Rubin -- From Menem to Kirchner : national autonomy and social movements in Argentina / Daniel A. Cieza -- The Hugo Chávez phenomenon : anti-imperialism from above or radical democracy from below? / Steve Ellner.
650 7 _aImperialismo
_917199
_zEstados Unidos
_zAmérica Latina
650 7 _aRelacionales internacionales
_923430
_zEstados Unidos
_zAmérica Latina
651 4 _aEstados Unidos
_xRelacionales internacionales
_zAmérica Latina
_961606
690 _942907
_aRelaciones internacionales
700 1 _aRosen, Fred
_d1942-
_eeditor
_961607
942 _a6
_cLIBRO
_e1
_mE551e
_2DEWEY
_h327.1
999 _c242316
_d242316